Wordperfect para windows a su alcance
محفوظ في:
| المؤلف الرئيسي: | |
|---|---|
| التنسيق: | كتاب |
| اللغة: | الإسبانية |
| منشور في: |
Madrid
Osborne/Mcgraw-Hill
1992
|
| سلاسل: | Serie McGraw-Hill de Informática
|
| الموضوعات: | |
| الوسوم: |
إضافة وسم
لا توجد وسوم, كن أول من يضع وسما على هذه التسجيلة!
|
MARC
| LEADER | 00000nam a2200000 a 4500 | ||
|---|---|---|---|
| 001 | UCZ5921 | ||
| 003 | CL-VaPUC | ||
| 008 | 951130e19920000SP |||||||||||||||||spa|d | ||
| 082 | 0 | 4 | |a 005.369 |b MIN |2 21 |
| 100 | |a Mincberg, Mella |e autora |9 350112 | ||
| 245 | 1 | 0 | |a Wordperfect para windows a su alcance |
| 300 | |a 637 p | ||
| 942 | |c BK | ||
| 945 | |d 19951130 00:00:00 |a rleighto | ||
| 260 | |a Madrid |b Osborne/Mcgraw-Hill |c 1992 | ||
| 600 | 0 | 7 | |a WORDPERFECT |2 CL-VaPUC |9 350113 |
| 600 | 0 | 7 | |a WINDOWS |2 CL-VaPUC |9 342412 |
| 650 | 7 | |a PROGRAMA DE COMPUTADORES |2 CL-VaPUC |9 350114 | |
| 650 | 7 | |a RUTINAS DE EJECUCION |2 CL-VaPUC |9 350115 | |
| 650 | 7 | |a PROGRAMAS DE APLICACION |2 CL-VaPUC |9 342141 | |
| 650 | 7 | |a PROCESO DE DATOS |2 CL-VaPUC |9 343039 | |
| 583 | |a last modification |c 19951130 00:00:00 |k Rodrigo Vera | ||
| 490 | 0 | |a Serie McGraw-Hill de Informática | |
| 999 | |c 242196 |d 242194 | ||
| 952 | |0 0 |1 0 |4 0 |6 005_369000000000000_MIN_1992 |7 0 |8 A |9 254980 |a BIBING |b BIBING |d 2019-11-19 |i 3152340 |o 005.369 MIN 1992 |p 3152340 |r 2025-01-20 |w 2019-11-19 |y BK |k CCL | ||